Filosofía de la ciencia

Uloženo v:
Podrobná bibliografie
Hlavní autor: Poincaré, Jules Henri (Autor)
Médium: Kniha
Jazyk:španělština
Vydáno: Ciudad de México Consejo Nacional de Ciencia y Tecnología 1984
Vydání:2a. ed
Edice:Ciencia y desarrollo
Témata:
Tagy: Přidat tag
Žádné tagy, Buďte první, kdo vytvoří štítek k tomuto záznamu!

MARC

LEADER 00000nam a2200000 a 4500
001 UCX0477
003 CL-VaPUC
008 891024e19840000MX |||||||||||||||||spa|d
082 0 4 |a 501  |b POI  |2 21 
100 0 |a Poincaré, Jules Henri  |e author  |9 315897 
245 1 0 |a Filosofía de la ciencia 
250 |a 2a. ed 
300 |a 283 p 
942 |c BK 
945 |d 19891024 00:00:00 
260 |a Ciudad de México  |b Consejo Nacional de Ciencia y Tecnología  |c 1984 
650 0 |a Filosofía de las ciencias  |9 256466 
583 |a last modification  |c 19891024 00:00:00  |k Rodrigo Vera 
490 0 |a Ciencia y desarrollo 
999 |c 222071  |d 222069 
952 |0 0  |1 0  |4 0  |6 501_000000000000000_POI_1984  |7 0  |8 A  |9 216265  |a BIBEDU  |b BIBEDU  |d 2019-11-15  |i 2848740  |l 1  |m 2  |o 501 POI 1984  |p 2848740  |r 2021-11-29  |s 2021-11-10  |w 2019-11-15  |y BK  |k FIL